| 000 | 01693cam a2200373 a 4500 | ||
|---|---|---|---|
| 999 |
_c57513 _d57513 |
||
| 001 | 12835417 | ||
| 005 | 20200701120006.0 | ||
| 008 | 020627s2002 nyuab b 001 0 eng | ||
| 010 | _a 2002284080 | ||
| 020 | _a0471215716 | ||
| 020 | _a9780471215714 | ||
| 040 |
_aDLC _cDLC _dDLC |
||
| 050 | 0 | 0 |
_aTK5103.59 _b.A37 2002 |
| 080 | _a621.39 A-18 | ||
| 082 | 0 | 0 |
_a621.382/75 _221 |
| 100 | 1 |
_aAgrawal, G. P. _q(Govind P.), _d1951- _98930 |
|
| 245 | 1 | 0 |
_aFiber-optic communication systems / _cGovind P. Agrawal. |
| 250 | _a3rd ed. | ||
| 260 |
_aNew York : _bWiley-Interscience, _cc2002. |
||
| 300 |
_axvii, 546 p. : _bill., map ; _c25 cm. _e+ 1 CD-ROM (4 3/4 in.) |
||
| 440 | 0 |
_aWiley series in microwave and optical engineering _98931 |
|
| 500 | _a"A Wiley-Interscience publication." | ||
| 504 | _aIncludes bibliographical references and index. | ||
| 650 | 0 |
_aOptical communications. _98932 |
|
| 650 | 0 |
_aFiber optics. _98933 |
|
| 653 | _aოპტიკურ-ბოჭკოვანი საკომუნიკაციო სისტემები | ||
| 653 | _a მიკროტალღური და ოპტიკური ინჟინერია | ||
| 856 | 4 | 2 |
_3Contributor biographical information _uhttp://www.loc.gov/catdir/bios/wiley044/2002284080.html |
| 856 | 4 | 2 |
_3Publisher description _uhttp://www.loc.gov/catdir/description/wiley036/2002284080.html |
| 856 | 4 | 1 |
_3Table of contents _uhttp://www.loc.gov/catdir/toc/wiley023/2002284080.html |
| 906 |
_a7 _bcbc _corigcop _d2 _encip _f20 _gy-gencatlg |
||
| 942 |
_2udc _cBK |
||
| 955 |
_apv21 2002-06-27 to ASCD _ajf00 2002-07-24; _cjf05 2002-08-05 to subj. _aaa07 2002-09-03; copy 2 added jf16 to BCCD 10-02-02 |
||